Find the Common Themes Quiz Stats

 Plays Quiz Updated Aug 30, 2018

Score 0/50 Timer 08:00
1 Play Today
Hint Answer % Correct
Item A1???
100%
Item A2???
99.8%
Item A3???
99.8%
Item A4???
99.8%
Item A5???
99.8%
HINTS:???
99.8%
Item B1???
99.8%
Item B2???
99.8%
Item B3???
99.8%
Item B4???
99.8%
Item B5???
99.8%
HINTS:???
99.8%
Item C1???
99.8%
Item C2???
99.8%
Item C3???
99.8%
Item C4???
99.8%
Item C5???
99.8%
HINTS:???
99.8%
Item D1???
99.8%
Item D2???
99.8%
Item D3???
99.8%
Item D4???
99.8%
Item D5???
99.8%
HINTS:???
99.8%
Item E1???
99.8%
Hint Answer % Correct
Item E2???
99.8%
Item E3???
99.8%
Item E4???
99.8%
Item E5???
99.8%
HINTS:???
99.8%
Category A

???
59.9%
Category D

???
55.5%
Item A8???
54.9%
Item D8???
49.3%
Category E

???
46.3%
Item D7???
46%
Item E8???
42.2%
Category C

???
35.9%
Item E7???
35.2%
Item C8???
34%
Item C7???
33.4%
Item A7???
33%
Item D6???
31%
Item C6???
30.5%
Item A6???
25.4%
Category B

???
15.4%
Item E6???
14%
Item B8???
12.8%
Item B7???
9.9%
Item B6???
6.9%

You're not logged in!

Compare scores with friends on all Sporcle quizzes.
OR
Log In

Sporcle TV

Today on Sporcle TV


Watch our educational content, quiz creation guides, and fun videos on Sporcle TV.

Show Comments

Extras

Top Quizzes Today


Score Distribution

Your Account Isn't Verified!

In order to create a playlist on Sporcle, you need to verify the email address you used during registration. Go to your Sporcle Settings to finish the process.

Report this User

Report this user for behavior that violates our Community Guidelines.

Details: